Statistics for 100 Greatest Albums of All Time (but not actually)

Click here to take the quiz!

General Stats

  • This quiz has been taken 89 times
    (88 since last reset)
  • The average score is 42 of 85

Answer Stats

ArtistAlbumGenre% Correct
The BeatlesAbbey Road, Revolver, Sgt. Pepper'sPop Rock
93%
NirvanaNevermind, In UteroGrunge
92%
Pink FloydDSOTM, Wish You Were Here, Animals, The WallProgressive Rock
92%
Michael JacksonThrillerPop
91%
David BowieThe Rise and Fall of Ziggy StardustArt Rock
88%
PrincePurple RainPop Rock
88%
Black SabbathMaster of Reality, ParanoidHeavy Metal
87%
Green DayAmerican IdiotPunk Rock
83%
Bruce SpringsteenNebraska, Born to RunAmericana
82%
Fleetwood MacRumoursPop Rock
82%
Led ZeppelinLed Zeppelin IVHard Rock
80%
Kanye WestTwisted Fantasy, Graduation, The College DropoutHip Hop
79%
The ClashLondon CallingPunk Rock
79%
N.W.A.Straight Outta ComptonHip Hop
78%
Marvin GayeWhat's Going OnSoul
76%
RadioheadKid A, OK Computer, In RainbowsArt Rock
75%
Taylor Swift1989Pop
74%
The Beach BoysPet SoundsBaroque Pop
74%
The Rolling StonesSticky FingersBlues Rock
74%
Sex PistolsNever Mind the BollocksPunk Rock
72%
Bob MarleyExodusReggae
71%
Lauryn HillThe Miseducation of Lauryn HillR&B
71%
MetallicaRide the LightningThrash Metal
71%
Jimi HendrixAre You ExperiencedAcid Rock
70%
Bob DylanHighway 61 RevisitedFolk Rock
68%
Stevie WonderSongs in the Key of LifeSoul
67%
The WhoWho's NextHard Rock
67%
Kendrick Lamargood kid, m.A.A.d city, To Pimp a ButterflyHip Hop
63%
King CrimsonRed, In the Court of the Crimson KingProgressive Rock
62%
The SmithsThe Queen is DeadPost Punk
59%
Linkin ParkHybrid TheoryNu Metal
58%
My Chemical RomanceThe Black ParadePop Punk
58%
Elliott SmithEither / OrSinger Songwriter
57%
Wu-Tang ClanEnter the Wu-Tang (36 Chambers)Hip Hop
57%
Joni MitchellBlueSinger Songwriter
54%
NasIllmaticHip Hop
54%
The Notorious B.I.G.Ready to DieHip Hop
51%
Alice in ChainsDirtGrunge
49%
GorillazDemon DaysTrip Hop
49%
SoundgardenSuperunknownGrunge
49%
Talking HeadsRemain in LightNew Wave
49%
System of a DownToxicityAlternative Metal
47%
Billie EilishWHEN WE ALL FALL ASLEEP, WHERE DO WE GO?Alt Pop
45%
Joy DivisionUnknown PleasuresPost Punk
45%
Nine Inch NailsThe Downward SpiralIndustrial Rock
45%
The StrokesIs This ItIndie Rock
45%
WeezerWeezer [Blue Album]Power Pop
45%
Arcade FireFuneralIndie Rock
43%
Neutral Milk HotelIn the Aeroplane Over the SeaIndie Rock
43%
Depeche ModeViolatorSynthpop
42%
my bloody valentineLovelessShoegaze
42%
100 gecs1000 gecsHyperpop
39%
PixiesDoolittleAlternative Rock
39%
PortisheadDummyTrip Hop
39%
SlayerReign in BloodThrash Metal
39%
WilcoYankee Hotel FoxtrotAlt-Country
39%
A Tribe Called QuestThe Low End TheoryHip Hop
38%
DeftonesWhite PonyAlternative Metal
38%
Arctic MonkeysFavourite Worst NightmareIndie Rock
37%
Jethro TullThick as a BrickProgressive Rock
37%
Queens of the Stone AgeSongs for the DeafStoner Rock
37%
Sonic YouthDaydream NationAlternative Rock
37%
SlipknotIowaNu Metal
36%
KornKornNu Metal
34%
Rage Against the MachineRage Against the MachineRap Metal
33%
Dead KennedysFresh Fruit for Rotting VegetablesHardcore Punk
32%
SlowdiveSouvlakiShoegaze
32%
SlintSpiderlandPost Rock
30%
Godspeed You! Black EmperorF♯A♯∞Post Rock
29%
Garth BrooksNo FencesCountry
28%
Modest MouseThe Lonesome Crowded WestIndie Rock
25%
FugaziRepeaterPost Hardcore
24%
DeathSymbolicDeath Metal
21%
MadvillainMadvillainyHip Hop
20%
Bring Me the HorizonSempiternalMetalcore
17%
ConvergeJane DoeMetalcore
17%
DeafheavenSunbatherBlackgaze
17%
At the Drive-InRelationship of CommandPost Hardcore
14%
Zach BryanAmerican Heartbreak, Zach BryanCountry
14%
DarkthroneA Blaze in the Northern SkyBlack Metal
13%
UnwoundLeaves Turn Inside YouPost Hardcore
12%
ThriceThe Artist in the AmbulancePost Hardcore
11%
OrchidDance Tonight! Revolution Tomorrow!Screamo
9%
Jason IsbellSoutheasternCountry
7%
Third Eye BlindThird Eye BlindAlternative Rock
1%

Score Distribution

Percentile by Number Answered

Percent of People with Each Score

Your Score History

You have not taken this quiz since the last reset